Responses for show #6564 - Thursday, March 14, 2013

Drew Horwood game 8.

Contestants

[<< previous game]

Tom Canterbury, a radio promotions director from Tuscaloosa, Alabama

Anne Olson, an accountant from Venice, California

Drew Horwood, a business analyst from Minneapolis, Minnesota (whose 7-day cash winnings total $124,296)

[next game >>]

Jeopardy! Round responses

SOUNDS LIKE A TECH BRAND
FLAGS OF THE WORLD
THE 1930s
STONES
CROSSWORD CLUES "S"
EX-PATRIOTS
    $200 11
Apple

Tom
    $200 6
Libya

Anne
    $200 1
Bonnie & Clyde

Tom
    $200 21
(Anne: What is a meteor?)
...
(Alex: [*], yes. That would have hurt if it hit you.)

hailstone

AnneTom
    $200 16
swine

Tom
    $200 26
the (Chicago) Bears

Tom
    $400 12
(Alex: That would be [*], shortened from intelligence.)

Intel

Triple Stumper
    $400 7
Tibet

Drew
    $400 2
Mount Everest

Drew
    $400 22
Stonehenge

Anne
    $400 17
sage

Tom
    $400 27
foot

Drew
    $600 13
Dell

Anne
    $600 8
(Drew: What is The Netherlands?)
...
(Alex (with an accent): What is [*].)

Romania

Drew
Triple Stumper
    $600 3
Radio City Music Hall

Tom
    $800 23
the Rosetta Stone

Anne
    $600 18
suture

Anne
    $600 28
(Doug) Flutie

Drew
    $800 14
Commodore

Drew
    $800 9
(Drew: What are the Canary Islands?)

the Azores

Drew
Triple Stumper
    $800 4
(Tom: What is Prussia?)

Czechoslovakia

Tom
Triple Stumper
    $800 24
millstone

Tom
    $800 19
Samson

Drew
    $800 29
Randy Moss

Drew
    $1000 15
Oracle

Tom
    $1000 10
(Drew: What is Guatemala?)
(Tom: What is El Salvador?)
(Alex: They've narrowed it down for you Anne, but you're not gonna ring in to try to come up with [*].)

Nicaragua

DrewTom
Triple Stumper
    $1000 5
Gandhi

Drew
    $1000 25
curling

Tom
    $1000 20
salutation

Tom
    $1000 30
Junior Seau

Drew

Scores at the first commercial break (after clue 13):

Drew Anne Tom
-$600 $800 -$800

Scores at the end of the Jeopardy! Round:

Drew Anne Tom
$3,800 $2,400 $4,000

Double Jeopardy! Round responses

SOLVE THE MYSTERY TITLE
NORTH AMERICAN RIVERS
A LITTLE BIT OF EVERYTHING
FEMALES IN GREEK MYTH
BEGINS WITH A VOWEL & ENDS IN "I"
EX-PATS
    $400 1
Devil

Anne
    $400 11
(Drew: What is the Gulf of Mexico?)

the Gulf of California

DrewTom
    $400 16
chapter 11

Anne
    $400 6
Helen of Troy

Tom
    $400 26
(Anne: What is ciao?)

arrivederci

AnneTom
    $400 21
(Tom: Who's the Phantom of the Opera?)

(Michael) Crawford

AnneTom
    $800 2
Rose

Anne
    $800 12
the Rio Grande

Drew
    $800 17
Jonah

Anne
    $800 7
the Amazons

Drew
    $800 27
apr├Ęs-ski

Triple Stumper
    $800 22
Elvis Costello

Triple Stumper
    $1200 3
(Alex: And for a prosecutor that would be the burden of [*].)

Proof

Triple Stumper
    $1200 13
the Snake River

Tom
    $1200 18
bandicoot

Drew
    $1200 8
Poseidon

Drew
    $1200 28
origami

Drew
    $1200 23
Jack Lord

Triple Stumper
    $1600 4
Mystic

Drew
    $2,600 14
(Tom: What is the Red River?)

the Columbia River

Tom
    $1600 19
Cosa Nostra

Drew
    $1600 9
Hero

Tom
    $1600 29
okapi

Triple Stumper
    $1600 24
The Boomtown Rats

Triple Stumper
    $2000 5
Marie

Triple Stumper
    $2000 15
the Churchill River

Triple Stumper
    $2000 20
slate

Triple Stumper
    $2,400 10
(Tom: Who is Electra?)

Antigone

Tom
    $2000 30
ennui

Anne
    $2000 25
Apollonia

Drew

Scores at the end of the Double Jeopardy! Round:

Drew Anne Tom
$13,800 $6,800 $2,600
(lock game)

[wagering suggestions for these scores]

Final Jeopardy! Round responses

BEATLES SONGS
TomWhat is Hey Jude?
$2,600
AnneWhat is Hey Jude
$5,000
DrewWhat is Hey Jude?
$4
"Hey Jude"

Final scores:

Drew Anne Tom
$13,804 $11,800 $5,200
8-day champion: $138,100 2nd place: $2,000 3rd place: $1,000

Game dynamics:

Coryat scores:

Drew Anne Tom
$13,800 $6,600 $7,600
17 R,
4 W
11 R
(including 1 DD),
2 W
16 R,
5 W
(including 2 DDs)

Combined Coryat: $28,000

The J! Archive is created by fans, for fans. The Jeopardy! game show and all elements thereof, including but not limited to copyright and trademark thereto, are the property of Jeopardy Productions, Inc. and are protected under law. This website is not affiliated with, sponsored by, or operated by Jeopardy Productions, Inc. Join the discussion at JBoard.tv.